000 00717nam a2200205Ia 4500
005 20260429112332.0
008 260429s9999||||xx |||||||||||||| ||und||
020 _a9788126712762
041 _aHindi
082 _a891.431
_bNIR
100 _aनिराला, सूर्यकांत त्रिपाठी
245 0 _aनिराला रचनावाली /
_cसूर्यकांत त्रिपाठी निराला
250 _a1st ed.
260 _aनई दिल्ली :
_bराजकमल प्रकाशन,
_c2022.
300 _a319 p.; hb
440 _vVol. 7
650 _aCollected works
700 _a नवल, नंदकिशोर
942 _cTB
999 _c53563
_d53563